<?xml version="1.0" encoding="UTF-8"?><?xml-stylesheet type="text/xsl" href="static/style.xsl"?><OAI-PMH xmlns="http://www.openarchives.org/OAI/2.0/" xmlns:xsi="http://www.w3.org/2001/XMLSchema-instance" xsi:schemaLocation="http://www.openarchives.org/OAI/2.0/ http://www.openarchives.org/OAI/2.0/OAI-PMH.xsd"><responseDate>2026-04-18T21:40:36Z</responseDate><request verb="GetRecord" identifier="oai:riubu.ubu.es:10259/5291" metadataPrefix="marc">https://riubu.ubu.es/oai/request</request><GetRecord><record><header><identifier>oai:riubu.ubu.es:10259/5291</identifier><datestamp>2024-05-20T07:11:47Z</datestamp><setSpec>com_10259_5498</setSpec><setSpec>com_10259_5086</setSpec><setSpec>com_10259_2604</setSpec><setSpec>com_10259_5501</setSpec><setSpec>col_10259_5499</setSpec><setSpec>col_10259_5502</setSpec></header><metadata><record xmlns="http://www.loc.gov/MARC21/slim" xmlns:doc="http://www.lyncode.com/xoai" xmlns:xsi="http://www.w3.org/2001/XMLSchema-instance" xmlns:dcterms="http://purl.org/dc/terms/" xsi:schemaLocation="http://www.loc.gov/MARC21/slim http://www.loc.gov/standards/marcxml/schema/MARC21slim.xsd">
<leader>00925njm 22002777a 4500</leader>
<datafield tag="042" ind1=" " ind2=" ">
<subfield code="a">dc</subfield>
</datafield>
<datafield tag="720" ind1=" " ind2=" ">
<subfield code="a">Febres Eguiguren, Juan Diego</subfield>
<subfield code="e">author</subfield>
</datafield>
<datafield tag="720" ind1=" " ind2=" ">
<subfield code="a">García Herrero, Susana</subfield>
<subfield code="e">author</subfield>
</datafield>
<datafield tag="720" ind1=" " ind2=" ">
<subfield code="a">Herrera, Sixto</subfield>
<subfield code="e">author</subfield>
</datafield>
<datafield tag="720" ind1=" " ind2=" ">
<subfield code="a">Gutiérrez Llorente, José Manuel</subfield>
<subfield code="e">author</subfield>
</datafield>
<datafield tag="720" ind1=" " ind2=" ">
<subfield code="a">López García, José Ramón</subfield>
<subfield code="e">author</subfield>
</datafield>
<datafield tag="720" ind1=" " ind2=" ">
<subfield code="a">Mariscal Saldaña, Miguel Ángel</subfield>
<subfield code="e">author</subfield>
</datafield>
<datafield tag="260" ind1=" " ind2=" ">
<subfield code="c">2020-02</subfield>
</datafield>
<datafield tag="520" ind1=" " ind2=" ">
<subfield code="a">Background: About 1.35 million people died in traffic accidents around the world in 2018, make this type of&#xd;
accidents the 8th cause of death in the world. Particularly, in Spain, there were 204,596 traffic accidents during 2016&#xd;
and 2017, out of which 349,810 drivers were injured. The objective of this study was to understand to what extent&#xd;
seat belt non-use and human factors contribute to drivers injury severity.&#xd;
Methodology: The results are based on the information and 2016–17 data provided by the Spain national traffic&#xd;
department “Dirección General de Tráfico” (DGT). The discretization model and Bayesian Networks were developed&#xd;
based on important variables from the literature. These variables were classified as; human factor, demographic&#xd;
factor, conditioning factor and seat belt use.&#xd;
Results: The results showed that failure to wear the seat belt by drivers are likely to increase the risk of fatal and&#xd;
sever injury significantly. Moreover, distraction and road type road can contribute to the accident severity.</subfield>
</datafield>
<datafield tag="024" ind2=" " ind1="8">
<subfield code="a">1867-0717</subfield>
</datafield>
<datafield tag="024" ind2=" " ind1="8">
<subfield code="a">http://hdl.handle.net/10259/5291</subfield>
</datafield>
<datafield tag="024" ind2=" " ind1="8">
<subfield code="a">10.1186/s12544-020-0401-5</subfield>
</datafield>
<datafield tag="024" ind2=" " ind1="8">
<subfield code="a">1866-8887</subfield>
</datafield>
<datafield ind1=" " ind2=" " tag="653">
<subfield code="a">Road traffic injuries</subfield>
</datafield>
<datafield ind1=" " ind2=" " tag="653">
<subfield code="a">Seat belt</subfield>
</datafield>
<datafield ind1=" " ind2=" " tag="653">
<subfield code="a">Bayesian networks</subfield>
</datafield>
<datafield ind1=" " ind2=" " tag="653">
<subfield code="a">Traffic accidents</subfield>
</datafield>
<datafield ind1=" " ind2=" " tag="653">
<subfield code="a">Human and conditioning factors</subfield>
</datafield>
<datafield tag="245" ind1="0" ind2="0">
<subfield code="a">Influence of seat-belt use on the severity of injury in traffic accidents</subfield>
</datafield>
</record></metadata></record></GetRecord></OAI-PMH>